Filiales o sucursales : un modelo de talla unico? /

En la serie de Documentos de Analisis del Personal Tecnico del FMI se presentan los ultimos analisis e investigaciones sobre politicas elaborados por miembros del personal tecnico del FMI, que se publican para recibir comentarios y fomentar el debate. Estos documentos generalmente son breves y estan...

Description complète

Détails bibliographiques
Auteur principal: Fiechter, Jonathan
Autres auteurs: Hsu, Michael, Ilyina, Anna, Otker, Inci
Format: Revue
Langue:English
Publié: Washington, D.C. : International Monetary Fund, 2011.
Collection:Staff Discussion Notes; Staff Discussion Notes ; No. 2011/004
Accès en ligne:Full text available on IMF
LEADER 01805cas a2200289 a 4500
001 AALejournalIMF014826
008 230101c9999 xx r poo 0 0eng d
020 |c 5.00 USD 
020 |z 9781484326671 
022 |a 2617-6750 
040 |a BD-DhAAL  |c BD-DhAAL 
100 1 |a Fiechter, Jonathan. 
240 1 0 |a Filiales o sucursales: un modelo de talla unico?  |l Spanish 
245 1 0 |a Filiales o sucursales :   |b un modelo de talla unico? /  |c Jonathan Fiechter, Inci Otker, Anna Ilyina, Michael Hsu. 
264 1 |a Washington, D.C. :  |b International Monetary Fund,  |c 2011. 
300 |a 1 online resource (34 pages) 
490 1 |a Staff Discussion Notes 
500 |a <strong>Off-Campus Access:</strong> No User ID or Password Required 
500 |a <strong>On-Campus Access:</strong> No User ID or Password Required 
506 |a Electronic access restricted to authorized BRAC University faculty, staff and students 
520 3 |a En la serie de Documentos de Analisis del Personal Tecnico del FMI se presentan los ultimos analisis e investigaciones sobre politicas elaborados por miembros del personal tecnico del FMI, que se publican para recibir comentarios y fomentar el debate. Estos documentos generalmente son breves y estan escritos en un lenguaje no tecnico, ya que se dirigen a un publico amplio interesado en temas de politica economica. Esta serie solo se publica en la pagina web y reemplazo en enero de 2011 a la serie de Notas de Opinion del Personal Tecnico del FMI. 
538 |a Mode of access: Internet 
700 1 |a Hsu, Michael. 
700 1 |a Ilyina, Anna. 
700 1 |a Otker, Inci. 
830 0 |a Staff Discussion Notes; Staff Discussion Notes ;  |v No. 2011/004 
856 4 0 |z Full text available on IMF  |u http://elibrary.imf.org/view/journals/006/2011/004/006.2011.issue-004-es.xml  |z IMF e-Library